| 000 | 01259nam a2200337Ia 4500 | ||
|---|---|---|---|
| 001 | ebr10661697 | ||
| 003 | CaPaEBR | ||
| 006 | m u | ||
| 007 | cr cn||||||||| | ||
| 008 | 080326s2008 nyua sb 001 0 eng d | ||
| 020 | _z9781604565997 | ||
| 020 | _z9781604566321 | ||
| 020 | _z9781608769223 | ||
| 040 |
_aCaPaEBR _cCaPaEBR |
||
| 035 | _a(OCoLC)847646654 | ||
| 050 | 1 | 4 |
_aQH588.S83 _bS741 2008eb |
| 082 | 0 | 4 |
_a616/.02774 _222 |
| 082 | 0 | 4 |
_a616/.02774 _223 |
| 245 | 0 | 0 |
_aStem cells research compendium _h[electronic resource] . _nVolume 1 / _cPrasad S. Koka, editor. |
| 260 |
_aNew York : _bNova Science Publishers, _cc2008. |
||
| 300 |
_axvii, 435 p. : _bill. (some col.). |
||
| 490 | 0 |
_aStem cells research compendium ; _v1 |
|
| 504 | _aIncludes bibliographical references and index. | ||
| 533 |
_aElectronic reproduction. _bPalo Alto, Calif. : _cebrary, _d2013. _nAvailable via World Wide Web. _nAccess may be limited to ebrary affiliated libraries. |
||
| 650 | 0 | _aStem cells. | |
| 650 | 0 | _aCells. | |
| 655 | 7 |
_aElectronic books. _2local |
|
| 700 | 1 | _aKoka, Prasad S. | |
| 710 | 2 | _aebrary, Inc. | |
| 856 | 4 | 0 |
_uhttp://site.ebrary.com/lib/rucke/Doc?id=10661697 _zAn electronic book accessible through the World Wide Web; click to view |
| 999 |
_c169809 _d169809 |
||